| 000 | 00508nam a2200169 a 4500 | ||
|---|---|---|---|
| 005 | 20140310183433.0 | ||
| 008 | 080110s19uu xx 00 eng d | ||
| 020 | _a9780761944546 | ||
| 050 |
_aGV 14.5 _b.L66 2007 |
||
| 100 | _aLong, Jonathan | ||
| 245 |
_aResearching leisure, sport and tourism : _bthe essential guide / _cJonathan Long |
||
| 260 |
_aLos Angeles : _bSage Publications, _c2007. |
||
| 300 |
_a234 p. : _bill. ; _c25 cm. |
||
| 650 | _aSport tourism. | ||
| 942 |
_cBK _2lcc _kFOR |
||
| 999 |
_c22770 _d22770 |
||